000 00879nam a22002894a 4500
001 UByD004237
003 AR-LpoUNG
005 20260107115444.0
008 250930s2023 ag a br 000 1 spa d
020 _a9789878283821
040 _aAR-LpoUNG
_bspa
_cAR-LpoUNG
_eaacr
041 0 _aspa
082 0 _a808.068 3 383vid
100 1 _aSchuff, Nicolás
245 1 0 _aVida de un lápiz
250 _a1ra. ed.
260 _aBuenos Aires :
_bLimonero,
_c2023.
300 _a[48] p. :
_bil.
490 0 _aIdentidades bonaerenses
505 0 _aSugerido a partir de los 8 años (etiqueta celeste).
650 4 _aLiteratura
650 4 _aCuentos
653 0 _aLiteratura infantil
700 1 _aTrach, Martina
942 _2ddc
_cLIB
999 _c67228
_d67228